MARC details
| 000 -CABECERA |
| campo de control de longitud fija |
00973nam a2200277 a 4500 |
| 001 - NÚMERO DE CONTROL |
| campo de control |
000039278 |
| 003 - IDENTIFICADOR DEL NÚMERO DE CONTROL |
| campo de control |
DO-SdBNP |
| 005 - FECHA Y HORA DE LA ÚLTIMA TRANSACCIÓN |
| campo de control |
20230113101210.0 |
| 007 - CAMPO FIJO DE DESCRIPCIÓN FÍSICA--INFORMACIÓN GENERAL |
| campo de control de longitud fija |
ta |
| 008 - DATOS DE LONGITUD FIJA--INFORMACIÓN GENERAL |
| campo de control de longitud fija |
130621e2012 dr ao gr 001 0 spa d |
| 020 ## - NÚMERO INTERNACIONAL ESTÁNDAR DEL LIBRO |
| Número Internacional Estándar del Libro |
9789945873290 |
| 040 ## - FUENTE DE LA CATALOGACIÓN |
| Centro catalogador/agencia de origen |
DO-SdBNP |
| Lengua de catalogación |
spa |
| Centro/agencia transcriptor |
BNPHU |
| 082 #4 - NÚMERO DE LA CLASIFICACIÓN DECIMAL DEWEY |
| Número de edición |
22 |
| Número de documento/Ítem |
E56q |
| 245 03 - MENCIÓN DE TÍTULO |
| Título |
La energía que trae el viento : |
| Resto del título |
parque Eólico los Cocos / |
| Mención de responsabilidad, etc. |
Texto, Lora Elvira ; Presentación, Tito Sanjuro; Coordinación y edición EGE Haina; fotografías, Ricardo Piantini...[et.al]. |
| 260 ## - PUBLICACIÓN, DISTRIBUCIÓN, ETC. |
| Lugar de publicación, distribución, etc. |
Santo Domingo : |
| Nombre del editor, distribuidor, etc. |
EGE Haina, |
| Fecha de publicación, distribución, etc. |
2012 |
| 300 ## - DESCRIPCIÓN FÍSICA |
| Extensión |
179 p. : |
| Otras características físicas |
il., fotogr. ; |
| Dimensiones |
26 cm. |
| 590 ## - NOTA LOCAL (RLIN) |
| Nota local |
Inventariado 2023 / MF |
| 700 ## - PUNTO DE ACCESO ADICIONAL--NOMBRE DE PERSONA |
| Nombre de persona |
Lora, Elvira, |
| Término indicativo de función/relación |
textos |
| 9 (RLIN) |
65473 |
| 700 #2 - PUNTO DE ACCESO ADICIONAL--NOMBRE DE PERSONA |
| Nombre de persona |
Sanjuro, Tito |
| Término indicativo de función/relación |
present. |
| 9 (RLIN) |
83028 |
| 700 1# - PUNTO DE ACCESO ADICIONAL--NOMBRE DE PERSONA |
| Nombre de persona |
Piantini, Ricardo |
| Término indicativo de función/relación |
fotogr. |
| 9 (RLIN) |
65474 |
| 700 ## - PUNTO DE ACCESO ADICIONAL--NOMBRE DE PERSONA |
| Nombre de persona |
Briones, Ricardo, |
| Término indicativo de función/relación |
fotogr. |
| 9 (RLIN) |
75973 |
| Fechas asociadas al nombre |
1958- |
| 700 1# - PUNTO DE ACCESO ADICIONAL--NOMBRE DE PERSONA |
| Nombre de persona |
Vargas, Samuel, |
| Término indicativo de función/relación |
fotogr. |
| 9 (RLIN) |
83029 |
| 700 1# - PUNTO DE ACCESO ADICIONAL--NOMBRE DE PERSONA |
| Nombre de persona |
EGE Haina |
| Término indicativo de función/relación |
coord., ed. |
| 9 (RLIN) |
83030 |
| 910 ## - DATOS DE OPCIÓN DEL USUARIO (OCLC) |
| Datos de opción del usuario |
MFeliz |
| 942 ## - ELEMENTOS DE PUNTO DE ACCESO ADICIONAL (KOHA) |
| Fuente del sistema de clasificación o colocación |
Dewey Decimal Classification |
| Tipo de ítem Koha |
Libro |